Ordinary Banned Pokémon - Statistics

General Stats
  • This quiz has been taken 344 times
  • The average score is 11 of 17
Answer Stats
Gen(s) Pokémon % Correct
VI-VII Aegislash
90%
V-VII Blaziken
85%
IV Garchomp
83%
IX Volcarona
78%
IX Archaludon
75%
IX Annihilape
74%
VI Greninja
69%
VIII Dracovish
63%
IX Ursaluna-Bloodmoon
63%
VIII Cinderace
57%
VIII Darmanitan-Galar
54%
IX Sneasler
54%
IX Espathra
51%
IX Palafin
49%
V Cloyster
41%
III-IV Wobbuffet
40%
III-IV Wynaut
35%
No matching quizzes found
Score Distribution
Percent of People with Each Score
Percentile by Number Answered
Your Score History
You have not taken this quiz